Bridgerton Characters Sudden Death - Statistics

General Stats
  • This quiz has been taken 234 times
  • The average score is 13 of 19
Answers on the Grid
Answers color-coded by a green-red scale on the quiz's grid according to % correct below.
Francesca Stirling
Charmian Davison
Marina Crane
Portia Featherington
Walter Dundas
Fitzwilliam Darcy
Posy Li
Violet Bridgerton
Siena Rosso
Hydrangea Bridgerton
Winifred Mistlethrope
Queen Charlotte
Cressida Gun
Irving Lowry
Agatha Danbury
Lord Sheffield
Simon Basset
Henry Granville
Edgar de Luftelsly
Anthony Bridgerton
Vivian Ledger
Reginald Wainscoat
Tilley Arnold
Henry Farthing
Prudence Dankworth
Samantha Livingsworth
Will Mondrich
Eloise Bridgerton
 
Answer Stats
Answer % Correct
Queen Charlotte
93%
Anthony Bridgerton
92%
Eloise Bridgerton
91%
Violet Bridgerton
91%
Agatha Danbury
88%
Portia Featherington
87%
Simon Basset
86%
Francesca Stirling
81%
Marina Crane
81%
Will Mondrich
80%
Posy Li
78%
Lord Sheffield
73%
Prudence Dankworth
69%
Cressida Gun
68%
Siena Rosso
60%
Vivian Ledger
38%
Tilley Arnold
37%
Henry Granville
33%
Walter Dundas
22%
No matching quizzes found
Score Distribution
Percent of People with Each Score
Percentile by Number Answered
Your Score History
You have not taken this quiz